Logo BPK

Biblioteka

Politechniki Koszalińskiej

Unglaubwürdige Reisen / (Rekord nr 49556)

Szczegóły MARC
000 -ETYKIETA REKORDU
podpole kontrolne o stałej długości 00612nam a2200205 i 4500
001 - NUMER KONTROLNY REKORDU
pole kontrolne bgj
020 ## - MIĘDZYNARODOWY ZNORMALIZOWANY NUMER KSIĄŻKI - ISBN
ISBN 3100005279
040 ## - ŹRÓDŁO KATALOGOWANIA
Instytucja, która utworzyła rekord BPK
041 0# - KOD JĘZYKA
Kod języka tekstu ger
920 ## - Międzynarodowy znormalizowany numer książki – ISBN
ISBN 3-10-000527-9
008 - POLE O STAŁEJ DŁUGOŚCI - DANE KONTROLNE
podpole kontrolne o stałej długości s gw f |000 0 ger
100 1# - NAZWA OSOBOWA
Nazwa osobowa AICHINGER, Ilse
245 10 - TYTUŁ/ODPOWIEDZIALNOŚĆ
Tytuł Unglaubwürdige Reisen /
Pozostałe elementy strefy tytułu i oznaczenia odpowiedzialności Ilse Aichinger ; Herausgegeben von Simone Fässler und Franz Hammerbacher.
260 ## - STREFA ADRESU WYDAWNICZEGO
Miejsce wydania Frankfurt am Main :
Nazwa wydawcy/dystrybutora S. Fischer Verlag,
Data publikacji, dystrybucji/powstania dokumentu 2005.
300 ## - STREFA OPISU FIZYCZNEGO
Objętość 186, [1] S. :
Inne cechy fizyczne Ill. ;
Rozmiary 20 cm.
650 #9 - HASŁO PRZEDMIOTOWE W FORMIE NAZWY OGÓLNEJ LUB JEDNOSTKOWEJ
Nazwa ogólna lub geograficzna Belletristik
700 1# - HASŁO DODATKOWE - NAZWA OSOBOWA
Nazwa osobowa FÄSSLER, Simone.
Określenie związku między hasłem a opisywanym materiałem Hrsg.
700 1# - HASŁO DODATKOWE - NAZWA OSOBOWA
Nazwa osobowa HAMMERBACHER, Franz.
Określenie związku między hasłem a opisywanym materiałem Hrsg.
856 ## - LOKALIZACJA I DOSTĘP DO ELEKTRONICZNYCH DOKUMENTÓW ZDALNYCH
Link (URL) http://koha.tu.koszalin.pl/cgi-bin/koha/opac-detail.pl?biblionumber=49556
Tekst linku Katalog online BPK
942 ## - DODATKOWE ELEMENTY (KOHA)
Typ dokumentu Książka
Egzemplarze
Wycofany Status egzemplarza Uszkodzony Dostępność Lokalizacja stała Lokalizacja bieżąca Miejsce przechowywania Sygnatura Kod kreskowy Typ dokumentu
      Dostępny Biblioteka Politechniki Koszalińskiej Biblioteka Politechniki Koszalińskiej Wypożyczalnia Językowa N 1373 01580990 Książka
© 2023 Biblioteka Politechniki Koszalińskiej :: KOHA